Pensamientos, cartas, testimonios

Guardat en:
Dades bibliogràfiques
Autor principal: Marco Aurelio (autor)
Format: Llibre
Idioma:espanyol
Publicat: Madrid Tecnos 2010
Edició:2a. ed
Col·lecció:Colección Clásicos del Pensamiento
Matèries:
Etiquetes: Afegir etiqueta
Sense etiquetes, Sigues el primer a etiquetar aquest registre!

MARC

LEADER 00000nam a2200000 a 4500
001 UCG4893
003 CL-VaPUC
005 20220114074118.0
008 101216e20100000SP |||||||||||||||||spa|d
999 |c 343493  |d 343491 
020 |a 9788430949922 
040 |c Pontificia Universidad Católica de Valparaíso 
082 0 4 |a 188  |b MAR  |2 21 
100 |a Marco Aurelio  |e autor  |9 862375 
245 1 0 |a Pensamientos, cartas, testimonios 
250 |a 2a. ed 
260 |a Madrid  |b Tecnos  |c 2010 
300 |a 217 p 
490 0 |a Colección Clásicos del Pensamiento 
583 |a last modification  |c 20101216 00:00:00  |k Rodrigo Vera 
650 0 |a Filosofía antigua   |9 255705 
650 0 |a Filosofía romana   |9 344946 
650 7 |a FILOSOFIA POLITICA  |2 CL-VaPUC  |9 554380 
650 0 |a Poder político  |9 255509 
942 |c BK  |2 ddc 
945 |d 20101216 00:00:00  |a cmena 
952 |0 0  |1 0  |4 0  |6 188_000000000000000_MAR_2010  |7 0  |8 A  |9 440827  |a BIBHIS  |b BIBHIS  |d 2019-11-22  |i 4742370  |o 188 MAR 2010  |p 4742370  |r 2025-01-20  |w 2019-11-22  |y BK  |k HIS